[Event "AUTO-ADV-1807"]
[Site "http://www.queenalice.com/game.php?id=793630"]
[Date "2010.6.22"]
[Round "1"]
[White "windlazy"]
[Black "rafaelalves"]
[Result "0-1"]
[WhiteElo "1850"]
[BlackElo "1725"]

1. d4 d5 2. c4 e6 3. c5 b6 4. cxb6 cxb6 5. Nf3 Bd6 6. Nc3 Nf6 7. Bg5 Nbd7 8. e3
O-O 9. Bd3 h6 10. Bh4 Bb7 11. Bb5 g5 12. Bg3 Bb4 13. O-O Bxc3 14. bxc3 Ne4 15.
Qc2 f5 16. Bxd7 Qxd7 17. Ne5 Qg7 18. h3 Ba6 19. Bh2 Bxf1 20. Kxf1 Rac8 21. c4 f4
22. Qd3 fxe3 23. f3 Nd2+ 24. Ke2 Nxc4 25. Nxc4 Rxc4 26. Be5 Qh7 27. Kxe3 Qxd3+
28. Kxd3 Rfc8 29. Ke2 Rc2+ 30. Kf1 Rd2 31. a4 Rcc2 0-1

[Event "AUTO-ADV-1807"]
[Site "http://www.queenalice.com/game.php?id=793631"]
[Date "2010.6.22"]
[Round "1"]
[White "rafaelalves"]
[Black "windlazy"]
[Result "1-0"]
[WhiteElo "1701"]
[BlackElo "1964"]

1. d4 c5 2. e3 d5 3. Nf3 Nc6 4. Bb5 Qa5+ 5. Nc3 Bd7 6. Bd2 Qb6 7. Nxd5 Qd8 8.
O-O cxd4 9. exd4 e6 10. Nc3 Qb6 11. Be3 Bb4 12. Bxc6 Bxc6 13. d5 Nf6 14. Bxb6
Bxc3 15. dxc6 bxc6 16. Bd4 Bxd4 17. Nxd4 Rd8 18. Qd3 O-O 19. Qc4 Ne4 20. Rad1 c5
21. Nxe6 Rxd1 22. Nxf8 Rxf1+ 23. Kxf1 Nd2+ 24. Ke2 Nxc4 25. Nd7 Nxb2 26. Nxc5
Nc4 27. a4 f6 28. Kd3 Ne5+ 29. Ke2 Kf7 30. f4 Nc6 31. Kd3 Ke7 32. Ke4 Kd6 33.
Nd3 g6 34. g4 h6 35. c4 a5 36. h4 Nb4 37. Nc1 Kc5 38. h5 gxh5 39. gxh5 Kd6 40.
Kf5 Ke7 41. Kg6 Nc6 42. Nb3 Ke6 43. Kxh6 Kf7 44. Nd2 Ne7 45. c5 Nf5+ 46. Kh7 Nd4
47. Nc4 Nc6 48. Nd6+ Ke7 49. Kg7 Nd8 50. f5 Nc6 51. h6 Ne5 52. h7 Ng4 53. h8=Q
1-0

[Event "Andressa X Rafael"]
[Site "http://www.queenalice.com/game.php?id=797497"]
[Date "2010.7.1"]
[Round "-"]
[White "ACGF"]
[Black "rafaelalves"]
[Result "1-0"]
[WhiteElo "1561"]
[BlackElo "1760"]

1. d4 d5 2. c4 e6 3. Nf3 Nf6 4. Nc3 Bb4 5. Bd2 O-O 6. Qb3 Bxc3 7. Bxc3 Ne4 8.
Bb4 Re8 9. e3 Nc6 10. Bd3 dxc4 11. Qxc4 Nd6 12. Qc3 Nxb4 13. Qxb4 b6 14. O-O a5
15. Qc3 Bb7 16. Ne5 Qg5 17. f3 Qxe3+ 18. Kh1 Qf4 19. Rae1 Re7 20. a3 Rc8 21. b4
axb4 22. axb4 c5 23. g3 Qf6 24. Kg1 cxd4 25. Qxd4 1-0

[Event "AUTO-OPEN-1960"]
[Site "http://www.queenalice.com/game.php?id=829229"]
[Date "2010.9.7"]
[Round "2"]
[White "BEIGEBOOK"]
[Black "rafaelalves"]
[Result "1-0"]
[WhiteElo "2322"]
[BlackElo "1728"]

1. d4 d5 2. c4 e6 3. Nc3 Nf6 4. Bg5 Be7 5. e3 O-O 6. Nf3 c5 7. dxc5 Bxc5 8. cxd5
exd5 9. Qb3 d4 10. O-O-O Nc6 11. exd4 Nxd4 12. Nxd4 Bxd4 13. Qa4 h6 14. Bh4 g5
15. Bg3 Bd7 16. Qxd4 1-0

[Event "AUTO-OPEN-1960"]
[Site "http://www.queenalice.com/game.php?id=829230"]
[Date "2010.9.7"]
[Round "2"]
[White "rafaelalves"]
[Black "BEIGEBOOK"]
[Result "0-1"]
[WhiteElo "1726"]
[BlackElo "2323"]

1. d4 d5 2. e3 Nf6 3. Nf3 Bf5 4. Bd3 Bxd3 5. Qxd3 Nc6 6. O-O e6 7. c4 dxc4 8.
Qxc4 Qd5 9. Qxd5 exd5 10. Bd2 a6 11. Nc3 Bd6 12. a3 O-O 13. Rac1 Rfe8 14. Rfe1
Rad8 15. Ng5 h6 0-1

[Event "AUTO-OPEN-1960"]
[Site "http://www.queenalice.com/game.php?id=829235"]
[Date "2010.9.7"]
[Round "2"]
[White "Marivaldo"]
[Black "rafaelalves"]
[Result "0-1"]
[WhiteElo "1916"]
[BlackElo "1726"]

1. d4 d5 2. Nc3 e6 3. a3 Nf6 4. Bg5 Be7 5. e3 O-O 6. Bf4 b6 7. h3 Ba6 8. Bxa6
Nxa6 9. Qd3 Nb8 10. Nb5 c5 11. Nc7 c4 12. Qd1 Nc6 13. Nxa8 Bd6 14. Nxb6 Bxf4 15.
Nxc4 Bc7 16. Nd2 Qb8 17. Rb1 e5 18. c3 e4 19. Qb3 Bb6 20. Ne2 Na5 21. Qb5 h6 22.
Nf4 Nb7 23. Nxd5 Nxd5 24. Qxd5 Nd6 25. Nxe4 Nxe4 26. Qxe4 Re8 27. Qg4 Ba5 28.
O-O Qd6 29. e4 f6 30. Qf5 Bc7 31. Qd5+ Kh8 32. Qxd6 Bxd6 33. f3 Bg3 34. Rbd1 Kg8
35. Rd2 Kf7 36. Re2 Ke7 37. f4 h5 38. e5 f5 39. Rf3 Bh4 40. c4 Kd7 41. c5 Kc6
42. b4 Rd8 43. Rd2 Kb5 44. d5 a5 45. c6 axb4 46. axb4 Kxb4 47. c7 Rc8 48. d6 Kb5
49. Rb2+ Kc6 50. Rc3+ Kd7 0-1

[Event "AUTO-OPEN-1960"]
[Site "http://www.queenalice.com/game.php?id=829236"]
[Date "2010.9.7"]
[Round "2"]
[White "rafaelalves"]
[Black "Marivaldo"]
[Result "0-1"]
[WhiteElo "1737"]
[BlackElo "1860"]

1. d4 d5 2. e3 Nf6 3. Nf3 Bg4 4. Be2 a6 5. O-O e6 6. b3 Bd6 7. c4 c5 8. Nbd2
cxd4 9. exd4 dxc4 10. bxc4 Bc7 11. Qa4+ Qd7 12. Qxd7+ Nbxd7 13. Rb1 b6 14. Ba3
Bf5 15. Rb2 Ne4 16. Nb1 Bd6 17. Bxd6 Nxd6 18. Nbd2 Ne4 19. Nxe4 Bxe4 20. Ne5
Nxe5 21. dxe5 Rb8 22. c5 b5 23. f3 Bc6 24. a4 O-O 25. a5 Rfd8 26. f4 Rd4 27. Ra2
Bd5 28. Ra3 Rd2 29. Bd3 Rxg2+ 30. Kh1 Rg3+ 31. Be4 Bxe4+ 32. Rff3 Bxf3+ 33. Rxf3
Rxf3 34. Kg2 Rc3 0-1

[Event "AUTO-OPEN-2281"]
[Site "http://www.queenalice.com/game.php?id=907551"]
[Date "2011.3.2"]
[Round "1"]
[White "rafaelalves"]
[Black "danbots5k"]
[Result "0-1"]
[WhiteElo "1784"]
[BlackElo "2148"]

1. e4 c6 2. Nf3 d5 3. exd5 Qxd5 4. Nc3 Qa5 5. d4 Nf6 6. Bd2 Qc7 7. Bc4 e6 8. O-O
Bd6 9. h3 O-O 10. a3 b6 11. Bd3 Ba6 12. Bxa6 Nxa6 13. Ne2 Ne4 14. c3 c5 15. Qc2
Qc6 16. Rac1 c4 17. Bf4 Nc7 18. Bxd6 Nxd6 19. Ne5 Qb5 20. Ng3 f6 21. Ng4 Rae8
22. f4 g6 23. Rce1 Kg7 24. Ne3 a5 25. a4 Qc6 0-1

[Event "AUTO-OPEN-2281"]
[Site "http://www.queenalice.com/game.php?id=907552"]
[Date "2011.3.2"]
[Round "1"]
[White "danbots5k"]
[Black "rafaelalves"]
[Result "1-0"]
[WhiteElo "2139"]
[BlackElo "1802"]

1. e4 e5 2. Nf3 d6 3. Bc4 Be6 4. Bxe6 fxe6 5. d4 exd4 6. Nxd4 d5 7. Nxe6 Qf6 8.
Nxc7+ Kd7 9. Nxa8 Qe5 10. Qg4+ Kd8 11. Qf4 Qxe4+ 12. Qxe4 dxe4 13. Bf4 Nc6 14.
c3 h6 15. O-O g5 16. Rd1+ Ke7 17. Bd6+ Kf7 18. Nc7 Bxd6 19. Rxd6 Nge7 20. Na3
Nf5 21. Rd7+ Kg6 22. g4 Nh4 23. Rad1 Rf8 24. R1d6+ Rf6 25. Ne8 Rxd6 26. Rg7# 1-0

[Event "AUTO-OPEN-2281"]
[Site "http://www.queenalice.com/game.php?id=907553"]
[Date "2011.3.2"]
[Round "1"]
[White "rafaelalves"]
[Black "fredofm"]
[Result "0-1"]
[WhiteElo "1782"]
[BlackElo "1283"]

1. e4 e5 2. Nf3 d6 3. Bc4 Nc6 4. O-O Bg4 5. Bb5 Bxf3 6. Qxf3 Nf6 7. Bxc6+ bxc6
8. b3 d5 9. d3 Bd6 10. Nd2 Qe7 11. c4 dxe4 12. dxe4 Bb4 13. Qg3 O-O-O 14. Qxg7
Bxd2 15. Bxd2 Nxe4 16. Be3 h5 17. Rfd1 Rhg8 18. Rxd8+ Rxd8 19. Bxa7 Re8 20. Qh6
Nc3 21. Qxh5 e4 22. Bc5 Qe5 23. Qxe5 Rxe5 24. Be3 f5 25. Kf1 f4 26. Bd4 Rh5 27.
Bxc3 Rxh2 28. Re1 Rh1+ 29. Ke2 f3+ 30. gxf3 exf3+ 31. Kd1 Rh2 32. Bd4 Kd7 33.
Kd2 Kd6 0-1

[Event "AUTO-OPEN-2281"]
[Site "http://www.queenalice.com/game.php?id=907554"]
[Date "2011.3.2"]
[Round "1"]
[White "fredofm"]
[Black "rafaelalves"]
[Result "0-1"]
[WhiteElo "1294"]
[BlackElo "1799"]

1. d4 d5 2. Nc3 Nf6 3. Nf3 e6 4. Ne5 Bb4 5. Nxf7 Bxc3+ 6. bxc3 Kxf7 7. e3 Ne4 8.
Qf3+ Qf6 9. Qxf6+ Nxf6 10. f3 Bd7 11. c4 Nc6 12. cxd5 exd5 13. g4 Rhf8 14. e4
dxe4 15. Bc4+ Be6 16. Bxe6+ Kxe6 17. fxe4 Nxd4 18. O-O Nxe4 19. Be3 Nxc2 20.
Rxf8 Rxf8 21. Rc1 Nxe3 22. Rxc7 Rf7 23. Rxf7 Kxf7 24. h3 b5 25. a3 a5 26. Kh2 b4
27. axb4 axb4 28. h4 b3 29. Kh3 b2 30. g5 b1=Q 0-1

[Event "AUTO-ADV-1807"]
[Site "http://www.queenalice.com/game.php?id=908670"]
[Date "2011.3.5"]
[Round "3"]
[White "luiz_gustavo"]
[Black "rafaelalves"]
[Result "1-0"]
[WhiteElo "1781"]
[BlackElo "1801"]

1. e4 e5 2. Nf3 Nc6 3. Bb5 Qf6 4. Nc3 Bb4 5. a3 Bxc3 6. dxc3 Nge7 7. O-O O-O 8.
Bg5 Qg6 9. Bxe7 Nxe7 10. Nxe5 Qxe4 11. Re1 Qd5 12. Qxd5 Nxd5 13. Bxd7 Nb6 14.
Bxc8 Raxc8 15. Rad1 f6 16. Nd7 Nxd7 17. Rxd7 a5 18. Ree7 Rfe8 19. Rxg7+ Kh8 20.
Rxh7+ Kg8 21. Rhe7 Rcd8 22. Rxe8+ Rxe8 23. g3 Re2 24. Rxc7 Rxc2 25. Rxb7 Kf8 26.
h4 Re2 27. g4 Re4 28. f3 Re3 29. Kg2 a4 30. Kg3 Re5 31. Ra7 Re2 32. Rxa4 Rxb2
33. Rf4 Kg7 34. a4 Ra2 35. Rb4 1-0

[Event "AUTO-ADV-1807"]
[Site "http://www.queenalice.com/game.php?id=908671"]
[Date "2011.3.5"]
[Round "3"]
[White "rafaelalves"]
[Black "luiz_gustavo"]
[Result "1-0"]
[WhiteElo "1785"]
[BlackElo "1814"]

1. d4 d5 2. e3 Nc6 3. Nf3 Nf6 4. Bb5 Bd7 5. O-O a6 6. Be2 Bf5 7. Nbd2 Nb4 8. Ne1
Qd6 9. c4 dxc4 10. Nxc4 Qd5 11. a3 Nc6 12. b4 b5 13. Nb2 e5 14. dxe5 Qxe5 15.
Nf3 Rd8 16. Nxe5 Rxd1 17. Rxd1 Nxe5 18. f4 Neg4 19. h3 Nh6 20. g4 Nhxg4 21. hxg4
Bxg4 22. Bxg4 Nxg4 23. Bd2 c5 24. Rac1 cxb4 25. Bxb4 f5 26. Bxf8 Rxf8 27. Rc8+
Kf7 28. Rxf8+ Kxf8 29. Rd3 1-0

[Event "AUTO-ADV-1807"]
[Site "http://www.queenalice.com/game.php?id=908676"]
[Date "2011.3.5"]
[Round "3"]
[White "sasquatico"]
[Black "rafaelalves"]
[Result "0-1"]
[WhiteElo "1709"]
[BlackElo "1772"]

1. e4 e5 2. Nf3 Nc6 3. Bb5 d6 4. h3 Nf6 5. d3 Bd7 6. Bg5 Be7 7. Qd2 O-O 8. Nc3
a6 9. Ba4 b5 10. Bb3 Nd4 11. Nxd4 exd4 12. Ne2 c5 13. Bxf6 Bxf6 14. Bd5 Rb8 15.
O-O Be6 16. Nf4 Bxd5 17. Nxd5 Re8 18. Nxf6+ Qxf6 19. f4 c4 20. f5 c3 21. bxc3
dxc3 22. Qf4 a5 23. Rab1 b4 24. g4 Qe5 25. Qe3 Re7 26. d4 Qxe4 27. Qxe4 Rxe4 28.
Rbd1 Rbe8 29. d5 Re2 30. Rf2 R8e3 31. Rc1 Rd2 32. Kf1 Rxh3 33. Kg2 Re3 34. Kf1
Rxd5 35. Re1 Rxe1+ 36. Kxe1 Re5+ 37. Kd1 d5 38. Rf4 g6 39. f6 g5 40. Rd4 h6 41.
Rd3 Kh7 42. Rf3 Kg6 43. Rh3 d4 44. Rd3 Re4 45. Rg3 Kxf6 46. Rf3+ Kg6 47. Rf5
Rxg4 48. Rxa5 h5 49. Rb5 h4 50. Rxb4 h3 51. Ke2 h2 52. Rb1 Rg1 53. Rb6+ f6 54.
a4 h1=Q 55. Kd3 Rd1+ 56. Kc4 Qf1+ 57. Kd5 Qf5+ 58. Kc6 Qxc2 59. a5 Qa4+ 60. Rb5
c2 61. Kb6 c1=Q 62. a6 Qxa6+ 63. Kxa6 Qc6+ 64. Rb6 Ra1# 0-1

[Event "AUTO-ADV-1807"]
[Site "http://www.queenalice.com/game.php?id=908677"]
[Date "2011.3.5"]
[Round "3"]
[White "rafaelalves"]
[Black "sasquatico"]
[Result "1-0"]
[WhiteElo "1756"]
[BlackElo "1761"]

1. e4 c5 2. Nf3 d6 3. Bd3 a6 4. O-O Nc6 5. c3 e6 6. Be2 Nf6 7. d4 cxd4 8. cxd4
h6 9. Nc3 Be7 10. d5 exd5 11. exd5 Ne5 12. Re1 b5 13. a3 Bb7 14. Nd4 Nxd5 15.
Nxd5 Bxd5 16. Nf3 Nxf3+ 17. Bxf3 Bxf3 18. Qxf3 O-O 19. Bf4 Bf6 20. Re2 Qc7 21.
Qg3 Rac8 22. Rae1 Rfd8 23. Bxh6 g6 24. h4 Be5 25. Qg4 Kh7 26. Bg5 f6 27. Be3 Rg8
28. h5 g5 29. f4 gxf4 30. Qf5+ Kh8 31. Bxf4 Qc5+ 32. Be3 Qd5 33. Rd2 Qf7 34. Bd4
Rg5 35. Qxc8+ Kh7 36. Bxe5 fxe5 37. Rxd6 Qxh5 38. Rd7+ Rg7 39. Rxg7+ Kxg7 40.
Qc7+ Kf6 41. Rf1+ Kg5 42. Qxe5+ Kg4 43. Rf4+ Kg3 44. Qe3+ Qf3 45. Qxf3# 1-0